00356 a2200121 450000100060000010000120000624500370001826000360005509000170009194200230010899900190013195200840015047737 aEmme E athe history of rocket technology aWaynebWayne state universityc c30741d30741 aNUST-CAEcMc23049 c282810d282810 001040708NFICaCAEbCAEd2017-04-03l0pCAE36278r2017-04-05w2017-04-05yBK